Catálogo
 En Linea

Hongos, parásitos y saprofitos de la República Dominicana (4a. serie) / (Registro nro. 52491)

Detalles MARC
000 -CABECERA
campo de control de longitud fija 01095nam a2200325 i 4500
003 - IDENTIFICADOR DEL NÚMERO DE CONTROL
campo de control DO-SdBNP
005 - FECHA Y HORA DE LA ÚLTIMA TRANSACCIÓN
campo de control 20230519111013.0
006 - CÓDIGOS DE INFORMACIÓN DE LONGITUD FIJA--CARACTERÍSTICAS DEL MATERIAL ADICIONAL
campo de control de longitud fija a||||er|||| 00| 0
007 - CAMPO FIJO DE DESCRIPCIÓN FÍSICA--INFORMACIÓN GENERAL
campo de control de longitud fija ta
008 - DATOS DE LONGITUD FIJA--INFORMACIÓN GENERAL
campo de control de longitud fija 220829r1926 dr e s000 0 spa d
040 ## - FUENTE DE LA CATALOGACIÓN
Centro catalogador/agencia de origen DO-SdBNP
Lengua de catalogación spa
Centro/agencia transcriptor BNPHU
Normas de descripción rda
041 ## - CÓDIGO DE LENGUA
Código de lengua original spa
082 #4 - NÚMERO DE LA CLASIFICACIÓN DECIMAL DEWEY
Número de clasificación 579.5
Número de documento/Ítem G643h, 1926
Número de edición 22
100 1# - ENTRADA PRINCIPAL--NOMBRE DE PERSONA
Nombre de persona González Fragoso, R.
Forma completa/desarrollada del nombre (Romualdo)
Fechas asociadas al nombre 1862-1928.
9 (RLIN) 79724
245 10 - MENCIÓN DE TÍTULO
Título Hongos, parásitos y saprofitos de la República Dominicana (4a. serie) /
Mención de responsabilidad, etc. Romualdo González Fragoso, Rafael Ciferri
264 ## - PRODUCCIÓN, PUBLICACIÓN, DISTRIBUCIÓN, FABRICACIÓN Y COPYRIGHT
Producción, publicación, distribución, fabricación y copyright Santo Domingo :
Nombre del de productor, editor, distribuidor, fabricante Imprenta de J. R. Vda. Gacía ,
Fecha de producción, publicación, distribución, fabricación o copyright 1926.
300 ## - DESCRIPCIÓN FÍSICA
Extensión 13 páginas :
Dimensiones 23 cm
336 ## - TIPO DE CONTENIDO
Fuente rdacontent
Término de tipo de contenido texto
Código de tipo de contenido txt
337 ## - TIPO DE MEDIO
Fuente rdamedia
Nombre/término del tipo de medio sin mediación
Código del tipo de medio n
338 ## - TIPO DE SOPORTE
Fuente rdacarrier
Nombre/término del tipo de soporte volumen
Código del tipo de soporte nc
490 ## - MENCIÓN DE SERIE
Mención de serie Botánica
Designación de volumen o secuencia 5
500 ## - NOTA GENERAL
Nota general A la cabeza de la portada : Estación Agronómica de Haina,
590 ## - NOTA LOCAL (RLIN)
Nota local Inventariado, 2022 / YL
650 #4 - PUNTO DE ACCESO ADICIONAL DE MATERIA--TÉRMINO DE MATERIA
9 (RLIN) 37142
Término de materia o nombre geográfico como elemento de entrada Hongos
650 #4 - PUNTO DE ACCESO ADICIONAL DE MATERIA--TÉRMINO DE MATERIA
Término de materia o nombre geográfico como elemento de entrada Plantas parasitas
9 (RLIN) 82284
700 1# - PUNTO DE ACCESO ADICIONAL--NOMBRE DE PERSONA
Nombre de persona Ciferri, Rafael
Fechas asociadas al nombre 1897-1964
9 (RLIN) 82276
830 ## - PUNTO DE ACCESO ADICIONAL DE SERIE-TÍTULO UNIFORME
Nombre de parte o sección de la obra Serie D
9 (RLIN) 82456
Número de parte o sección de la obra 5
910 ## - DATOS DE OPCIÓN DEL USUARIO (OCLC)
Datos de opción del usuario YLockward
942 ## - ELEMENTOS DE PUNTO DE ACCESO ADICIONAL (KOHA)
Fuente del sistema de clasificación o colocación Dewey Decimal Classification
Tipo de ítem Koha Folleto
Existencias
Estado de retiro Estado de pérdida Fuente del sistema de clasificación o colocación Restricciones de uso No para préstamo Código de colección Localización permanente Ubicación/localización actual Ubicación en estantería Fecha de adquisición Fuente de adquisición Signatura topográfica completa Código de barras Fecha visto por última vez Número de copia Precio válido a partir de Tipo de ítem Koha Nota pública
    Dewey Decimal Classification Excluido de préstamo   Patrimonio Dominicano Raros y Valiosos Biblioteca Nacional Pedro Henríquez Ureña Biblioteca Nacional Pedro Henríquez Ureña Depósito 29.09.2022 Donación BNPHU RV-F 579.5 G643h, 1926 2022-4110 29.09.2022 4a Serie 29.09.2022 Folleto Perteneció a la biblioteca personal de Martínez Boog.

Con tecnología Koha